Radar, what it is /

Bibliographic Details
Main Author: Rider, John F. (John Francis), 1900-
Other Authors: Rowe, George Clemens Baxter, 1897-
Format: Book
Language:English
Published: New York, N.Y. : J.F. Rider publisher, inc., [1946]
Subjects:

MARC

Tag First Indicator Second Indicator Subfields
LEADER 00000cam a2200000 4500
001 in00000021379
005 20160130063551.0
008 751222s1946 nyua 00010 eng
010 |a  46006659  
035 |a (OCoLC)01901490 
035 |9 AAD4473AM 
040 |a DLC  |c FQG  |d OCL  |d TXA  |d UtOrBLW 
049 |a TXAM  |c 1 [375652] 
050 0 0 |a TK6565.R3  |b .R5 
082 0 |a 621.38 
092 |a 621.38  |b R5441ra 
100 1 |a Rider, John F.  |q (John Francis),  |d 1900- 
245 1 0 |a Radar, what it is /  |c by John F. Rider...and G. C. Baxter Rowe... 
264 1 |a New York, N.Y. :  |b J.F. Rider publisher, inc.,  |c [1946] 
300 |a 4 pages ., 72 pages :  |b illustrations, diagrams ;  |c 28 x 22 cm. 
336 |a text  |b txt  |2 rdacontent 
337 |a unmediated  |b n  |2 rdamedia 
338 |a volume  |b nc  |2 rdacarrier 
650 0 |a Radar. 
700 1 |a Rowe, George Clemens Baxter,  |d 1897- 
999 |a MARS 
999 f f |s 1d1bea0f-c61e-3413-9cae-aecb33f525d1  |i 8af297eb-5f57-3eeb-9dcb-5b35d09692ff  |t 0 
952 f f |p normal  |a Texas A&M University  |b College Station  |c Sterling C. Evans Library  |d Evans: Library Stacks  |t 0  |e TK6565.R3 .R5  |h Library of Congress classification  |i unmediated -- volume  |m A14801036920 
998 f f |a TK6565.R3 .R5  |t 0  |l Evans: Library Stacks